banner koha

Reaction of non-cucurbitacea to Monosporascus spp. (Registro n. 298413)

MARC details
000 -LÍDER
fixed length control field 04767nab a2200325 i 4500
003 - CÓDIGO MARC DA AGÊNCIA CATALOGADORA
Campo de controle BR-BrBNA
005 - DATA E HORA DA ÚLTIMA ATUALIZAÇÃO
Campo de controle 20240201144535.0
008 - CAMPO DE TAMANHO FIXO
fixed length control field 240201b2023 bl.ar|pooa||| 00| 0 eng |
040 ## - FONTE DA CATALOGAÇÃO
Agência catalogadora BR-BrBNA
Idioma da catalogação eng
072 ## - CATEGORIA AGRIS
Código AGRIS H20
Código do objeto 4120
072 ## - CATEGORIA AGRIS
Código AGRIS H01
100 ## - ENTRADA PRINCIPAL - NOME PESSOAL
Nome pessoal Tavares, Moisés Bento
100 ## - ENTRADA PRINCIPAL - NOME PESSOAL
Nome pessoal Negreiros, Andréia Mitsa Paiva
100 ## - ENTRADA PRINCIPAL - NOME PESSOAL
Nome pessoal Cavalcante, Allinny Luzia Alves
100 ## - ENTRADA PRINCIPAL - NOME PESSOAL
Nome pessoal Oliveira, Sara Hellen Fernandes de
100 ## - ENTRADA PRINCIPAL - NOME PESSOAL
Nome pessoal Armengol, Josep
100 ## - ENTRADA PRINCIPAL - NOME PESSOAL
Nome pessoal Sales Júnior, Rui
245 ## - TÍTULO PRINCIPAL
Título principal Reaction of non-cucurbitacea to Monosporascus spp.
500 ## - NOTA GERAL
Nota geral Publicação online; 27 ref.; 3 tables; Summaries (En, Pt)
942 ## - ADDED ENTRY ELEMENTS (KOHA)
Koha item type
520 ## - NOTA DE RESUMO
Nota de conteúdo <br/><br/><br/>ABSTRACT - With the recent discovery of five new species of the Monosporascus genus, a fungal genus involved in “Monosporascus root rot and vine decline,” pathogenicity studies have become important to understand the impact of these new species on cultivated plants, mainly on plant species used as an alternative for crop rotation. This study aimed to evaluate the pathogenicity of Monosporascus spp. in non-cucurbitaceous cultures. The tests were carried out in duplicate in a greenhouse in a completely randomized design, with the treatments: One isolate of each species of Monosporascus (M. brasiliensis, M. caatinguensis, M. cannonballus, M. mossoroensis, M. nordestinus, and M. semiaridus) and the absolute control, and fi ve cultures (cowpea, jack bean, corn, sorghum, and bell pepper). Seeds of these cultures were sown in pots containing soil + Tropstrate HT® (ratio 2:1, v / v), previously inoculated with wheat seeds colonized with the species of Monosporascus. After 50 days of sowing, plants were evaluated for incidence, disease severity, length of shoot and roots, fresh and dry weight of shoots and roots. All inoculated Monosporascus species were able to induce damage in cowpea and bell pepper cultures, with M. cannonballus being the most aggressive. Corn, jack beans, and sorghum presented few or no symptoms of the disease and may be indicated as alternative cultures to be used in crop rotation with cucurbits. Studies with a greater number of isolates and cultivars for each culture tested in this study should be carried out to strengthen the data obtained. <br/><br/><br/>Key words: Crop rotation. Host range. Pathogenicity test. Soilborne pathogen. Virulence.
520 ## - NOTA DE RESUMO
Nota de conteúdo <br/><br/><br/>RESUMO - Com a descoberta recente de cinco novas espécies do gênero Monosporascus, gênero fúngico envolvido na “podridão das raízes por Monosporascus e declínio das ramas”, estudos de patogenicidade tem se tornado importante para conhecer o impacto dessas novas espécies em plantas cultivadas, principalmente sobre espécies vegetais utilizadas como alternativa de rotação de culturas. Este estudo teve como objetivo avaliar a patogenicidade de Monosporascus spp. em culturas não-cucurbitáceas. Os ensaios foram realizados em duplicata, em casa-de-vegetação, utilizando o delineamento inteiramente casualizado, tendo como tratamentos: um isolado de cada espécie de Monosporascus (M. brasiliensis, M. caatinguensis, M. cannonballus, M. mossoroensis, M. nordestinus e M. semiaridus) e a testemunha absoluta, e cinco culturas (feijão-caupi, feijão-de-porco, milho sorgo e pimentão). Sementes destas culturas foram semeadas em vasos contendo solo + Tropstrato HT® (proporção 2:1, v / v), previamente inoculados com sementes de trigo colonizadas com as espécies de Monosporascus. Após 50 dias da semeadura, as plantas foram avaliadas quanto a incidência, severidade da doença, comprimento da parte aérea e das raízes, peso fresco e seco da parte aérea e raízes. Todas as espécies de Monosporascus induziram danos em feijão-caupi e pimentão, sendo M. cannonballus a espécie mais agressiva. O milho, feijão-de-porco e sorgo apresentaram poucos ou nenhum sintoma da doença, podendo ser indicadas como culturas alternativas a serem usadas em rotação de cultivo com cucurbitáceas. Estudos com um maior número de isolados e cultivares para cada cultura testada neste estudo deverão ser realizados para fortalecer os dados obtidos. <br/><br/><br/>Palavras-chave: Rotação de cultivos. Hospedeiras. Teste de patogenicidade. Patógeno habitante do solo. Virulência.
650 ## - ASSUNTO - THESAGRO
Cabeçalho tópico ou nome geográfico DOENÇA DE PLANTA
650 ## - ASSUNTO - THESAGRO
Cabeçalho tópico ou nome geográfico FUNGO
650 ## - ASSUNTO - THESAGRO
Cabeçalho tópico ou nome geográfico ROTAÇÃO DE CULTURA
650 ## - ASSUNTO - THESAGRO
Cabeçalho tópico ou nome geográfico DEFESA VEGETAL
773 0# - ENTRADA ANALÍTICA
Host Biblionumber 4290
Registro do item 275636
Imprenta Fortaleza-CE Universidade Federal do Ceará. Centro de Ciências Agrárias 2002
Outro identificador 2023-437436
Título Revista Ciência Agronômica (Brazil)
ISSN 0045-6888; 1806-6690 (on-line)
Colação v. 54 p. 1-10; (2023)
Número de controle de registro BR2023002340
856 ## - ACESSO E ENDEREÇO ELETRÔNICO
Identificador uniforme de recurso - URI https://www.scielo.br/j/rca/a/kkr5Y3jjpTjhXS99JCy7ZNz/?format=pdf&lang=en

Nenhum exemplar disponível.

BINAGRI

Telefone: (61)3218-2567/2388/3357/2097 - binagri@agro.gov.br

Ministério da Agricultura e Pecuária , Esplanada dos Ministérios, Bloco D, Anexo B, Brasília/DF, CEP: 70.043-900